000 00607nam a2200193Ia 4500
003 LDD
008 190117s9999 xx 000 0 und d
020 _a8170553652
_c₹100
040 _cLDD
041 _ahi
082 _a305.4 स्79203
100 _aराजकिशोर
245 0 _aस्त्री के लिए जगह
_cराजकिशोर
260 _aनई दिल्ली
_bवाणी
_c1996
300 _a159
901 _aVANI
904 _aReqst by : विमल खांडेकर
942 _2ddc
_cH
999 _c168297
_d168297